000 00899nam a22002297a 4500
999 _c161456
_d161456
005 20190823171227.0
010 _a1819CHEN B-720545-565
020 _a9789384930660
_c300.00
035 _aB-720545-565
035 _aB-728663
037 _bEducation Gallery
082 _a920
100 _aSharma, S.C.
245 _aGreat freedom fighter Ramprasad Bismil /
_cby S.C. Sharma
260 _aDelhi
_bEducation Gallery
_c2018
270 _a26/25, Block-26, Gali No.12, Vishwas Nagar, Shahdara
_bDelhi
_e110032
300 _a121p.:
_bill.
_c22cm(Hb)
500 _aAirport
942 _2ddc
_cCH
_mBIS
_h920